| 000 | 02178nam0a2200361 4500 | ||
|---|---|---|---|
| 001 | RU\NLR\BIBL_A\011508989 | ||
| 005 | 20260407134057.0 | ||
| 010 |
_a5-89282-068-8 _9200 |
||
| 035 | _a(RuMoRGB)000745858 | ||
| 035 | _a(RuMoRGB)KNO-0207647 | ||
| 035 | _a(NLR Aleph) 011508989 | ||
| 090 |
_a12035125 _c12035125 |
||
| 100 | _a20171027d2001 |||y0rusy50 ca | ||
| 101 | 0 | _arus | |
| 102 | _aRU | ||
| 105 | _aa z 100zy | ||
| 200 | 1 |
_aРоссия - Индия: перспективы регионального сотрудничества (г. Омск) _e[материалы семинара (г. Омск, 4-5 сентября 2000 г.)] _fРоссийская академия наук, Институт востоковедения _g[Редактор-составитель: Г.М. Кузнецова _gответственный редактор: В.П. Кашин] |
|
| 210 |
_aМосква _cИнcтитут востоковедения РАН _d2001 |
||
| 215 |
_a73 с. _cтабл. _d20 |
||
| 607 |
_aРоссийская Федерация _jСъезды, совещания и т.п _xВзаимоотношения _yИндия _92239583 _3RU\NLR\AUTH\661343924 |
||
| 607 |
_aИндия _jСъезды, совещания и т.п _xВзаимоотношения _yРоссийская Федерация _92239589 _3RU\NLR\AUTH\661343927 |
||
| 686 |
_aТ3(2Р)64-643(5Ид)я431(2Р) _2rubbk |
||
| 686 |
_aТ3(5Ид)64-64(2Р)я431(2Р) _2rubbk |
||
| 686 | 1 | _aТ3(2)74-64(5Ид)я431 | |
| 686 | 1 | _aТ3(5Ид)63-64(2)я431 | |
| 702 | 1 |
_aКашин _bВ.П. _gВалерий Петрович _4340 |
|
| 702 | 1 |
_4220 _7ca _8rus _aКузнецова _bГ. М. _cвостоковед _gГалина Михайловна _9186271 _3RU\NLR\AUTH\770186322 |
|
| 711 | 1 | 2 |
_a"Россия-Индия: перспективы регионального сотрудничества", семинар _eОмск _f2000 _9594495 _3RU\NLR\AUTH\880466148 |
| 712 | 0 | 2 |
_4570 _aИнститут востоковедения _cМосква _3RU\NLR\AUTH\8810000899 _9498968 |
| 942 | _cBOOK | ||
| 980 | _aNB | ||